A fifty year vision for the future (Record no. 113326)

MARC details
000 -LEADER
fixed length control field 01217cam a22002295a 4500
001 - CONTROL NUMBER
control field E155108
008 - FIXED-LENGTH DATA ELEMENTS--GENERAL INFORMATION
fixed length control field 120302s2011 xxka es |l000 0 eng d
035 ## - SYSTEM CONTROL NUMBER
System control number (Sirsi) u155108
041 0# - LANGUAGE CODE
Language code of text/sound track or separate title eng
050 04 - LIBRARY OF CONGRESS CALL NUMBER
Classification number 711.40941443 $2 0
110 2# - MAIN ENTRY--CORPORATE NAME
Corporate name or jurisdiction name as entry element Glasgow City Council
9 (RLIN) 3571
245 02 - TITLE STATEMENT
Title A fifty year vision for the future
Remainder of title future Glasgow 2011-2061 summary of full consultation report
Medium [electronic resource]
260 ## - PUBLICATION, DISTRIBUTION, ETC.
Place of publication, distribution, etc. [Glasgow]
Name of publisher, distributor, etc. Glasgow City Council
Date of publication, distribution, etc. 2011
520 ## - SUMMARY, ETC.
Summary, etc. Future Glasgow is a vision of what Glasgow City Council, its partners, stakeholders and the people of Glasgow would like the city to be in 2061, and how they aim to make this a reality. It provides a long term plan to guide strategy, policy, investment and action. This draft vision was based on a consultation involving 2,700 people. The full version of the city vision can be found at http://www.glasgowcityvision.com.
650 24 - SUBJECT ADDED ENTRY--TOPICAL TERM
Topical term or geographic name entry element GLASGOW
651 #4 - SUBJECT ADDED ENTRY--GEOGRAPHIC NAME
Geographic name Scotland
Chronological subdivision 1999-
690 ## - LOCAL SUBJECT ADDED ENTRY--TOPICAL TERM (OCLC, RLIN)
Topical term or geographic name as entry element URBAN PLANNING
690 ## - LOCAL SUBJECT ADDED ENTRY--TOPICAL TERM (OCLC, RLIN)
Topical term or geographic name as entry element URBAN RENEWAL
690 ## - LOCAL SUBJECT ADDED ENTRY--TOPICAL TERM (OCLC, RLIN)
Topical term or geographic name as entry element REGENERATION
856 40 - ELECTRONIC LOCATION AND ACCESS
Uniform Resource Identifier <a href="https://www.mondaq.com/x/164020/Building+Construction/Glasgow+The+Next+50+Years&email_access=on">https://www.mondaq.com/x/164020/Building+Construction/Glasgow+The+Next+50+Years&email_access=on</a>
Public note View the item free of charge at http://www.mondaq.com
942 ## - ADDED ENTRY ELEMENTS (KOHA)
Suppress in OPAC 0
Holdings
Withdrawn status Lost status Source of classification or shelving scheme Damaged status Not for loan Home library Current library Shelving location Date acquired Total Checkouts Full call number Barcode Date last seen Copy number Price effective from Koha item type
    Dewey Decimal Classification     Virtual Virtual Online 02/03/2012   ONLINE PUBLICATION 50015030 06/08/2019 1 06/08/2019 Book